[Event "New York Kavkasian"]
[Site "New York"]
[Date "1983.??.??"]
[Round "?"]
[White "Ivanov, Igor V"]
[Black "Zaltsman, Vitaly F"]
[Result "1-0"]
[WhiteElo "2515"]
[BlackElo "2390"]

1.Nf3 d5 2.c4 e6 3.d4 c5 4.cxd5 exd5 5.g3 Nc6 6.Bg2 Nf6 7.O-O Be7 8.Nc3 O-O
9.Be3 c4 10.Ne5 Qa5 11.Bg5 Rd8 12.e3 h6 13.Bxf6 Bxf6 14.f4 Bxe5 15.fxe5 Be6
16.Qh5 Rd7 17.Rad1 Rf8 18.a3 Qd8 19.h4 a6 20.Rd2 b5 21.Rdf2 Qe7 22.g4 Qd8
23.g5 Ne7 24.Ne2 g6 25.Qxh6 Nf5 26.Rxf5 Bxf5 27.Rxf5 gxf5 28.Ng3 f6 29.Nxf5 Rh7
30.Qg6+ Kh8 31.gxf6 Rg8 32.h5 Rxg6 33.hxg6 Qd7 34.e4 dxe4 35.Bxe4 Kg8 36.Kg2 a5
37.d5 Qc7 38.d6 Qc5 39.gxh7+ Kxh7 40.f7 Qxe5 41.f8=Q Qxe4+ 42.Kg3 Qd3+ 43.Kf4 Qd2+
44.Ke4  1-0

[Event "New York Kavkasian"]
[Site "New York"]
[Date "1983.??.??"]
[Round "?"]
[White "Ivanov, Igor V"]
[Black "Zapata, Alonso"]
[Result "1/2-1/2"]
[WhiteElo "2515"]
[BlackElo "2455"]

1.Nf3 Nf6 2.c4 g6 3.g3 Bg7 4.Bg2 O-O 5.d4 d6 6.Nc3 Nc6 7.O-O a6 8.h3 Rb8
9.e4 Na5 10.b3 c5 11.a4 Qb6 12.e5 dxe5 13.dxe5 Nd7 14.Nd5 Qxb3 15.Bf4 Qxd1
16.Nxe7+ Kh8 17.Raxd1 Nb6 18.Ng5 Be6 19.Nxe6 fxe6 20.Rd6 Naxc4 21.Rxe6 Nxa4
22.Rc1 Ncb2 23.Be3 b5 24.Bf1 Rfe8 25.Rxa6 Rxe7 26.Bxb5 Nb6 27.Rxc5 Nd1 28.Rxb6 Rf8
29.Bd4 Rd8 30.Be2 Rxd4 31.Rb8+ Bf8 32.Rxf8+ Kg7 33.Rf4 Rd2 34.Re4 Nb2 35.h4 Nd3
36.Rb5 Rf7 37.e6 Nxf2 38.exf7 Nxe4 39.Bc4 Rd8 40.Re5 Nd6 41.Bb3 Rb8 42.Ba2 Rb7  1/2-1/2

[Event "New York Kavkasian"]
[Site "New York"]
[Date "1983.??.??"]
[Round "?"]
[White "Dlugy, Maxim"]
[Black "Ivanov, Igor V"]
[Result "0-1"]
[WhiteElo "2455"]
[BlackElo "2515"]

1.d4 Nf6 2.c4 c5 3.d5 e5 4.Nc3 d6 5.e4 Be7 6.Bd3 O-O 7.Nge2 Nh5 8.Be3 Bg5
9.Qd2 Bxe3 10.Qxe3 Qf6 11.g3 a6 12.O-O-O b5 13.f4 bxc4 14.Bc2 Bg4 15.f5 Nd7
16.Rd2 Bxe2 17.Rxe2 Rab8 18.Bd1 Qd8 19.Rf2 Nhf6 20.g4 h6 21.h4 Nh7 22.g5 hxg5
23.f6 g4 24.fxg7 Kxg7 25.Bxg4 Ndf6 26.Bf5 Qe7 27.Ne2 Kh8 28.Rhf1 Rg8 29.Ng3 Rg7
30.Bxh7 Ng4 31.Qf3 Nxf2 32.Rxf2 Rxh7 33.Nf5 Qf6 34.Rg2 Rh6 35.h5 Rg8 36.Rxg8+ Kxg8
37.Qg4+ Kf8 38.Nxh6 Qxh6+ 39.Kd1 Qe3 40.Qd7 Qf3+ 41.Kc1 Qf6 42.Qg4 Qf1+ 43.Kc2 Qf2+
44.Kc1 a5 45.a4 Qf1+ 46.Kd2 Qd3+ 47.Kc1 c3 48.bxc3 Qxc3+ 49.Kd1 Qd3+ 50.Kc1 c4
51.h6 Qe3+ 52.Kb1 Qxh6 53.Qc8+ Kg7 54.Qxc4 Qh1+ 55.Kb2 Qg2+ 56.Kb3 Qf3+ 57.Kb2 Qf2+
58.Kb3 Qe3+ 59.Kc2 Qd4 60.Qxd4 exd4 61.Kd3 f5 62.Kxd4 fxe4 63.Kxe4 Kg6 64.Kf4 Kf6
65.Ke4 Kg5 66.Kd4 Kf4 67.Kc4 Ke4 68.Kb5 Kxd5 69.Kxa5 Kc5  0-1

[Event "New York Kavkasian"]
[Site "New York"]
[Date "1983.??.??"]
[Round "?"]
[White "Ivanov, Igor V"]
[Black "Bass, Leonid"]
[Result "1/2-1/2"]
[WhiteElo "2515"]
[BlackElo "2460"]

1.Nf3 Nf6 2.c4 c5 3.Nc3 b6 4.d4 cxd4 5.Nxd4 Bb7 6.f3 e6 7.e4 d6 8.Be2 a6
9.O-O Nbd7 10.Be3 Be7 11.Qd2 O-O 12.Rfd1 Qc7 13.Rac1 Rac8 14.Bf1 Rfe8 15.Qf2 Qb8
16.a3 Bf8 17.b4 d5 18.cxd5 exd5 19.exd5 b5 20.Nc6 Bxc6 21.dxc6 Rxc6 22.Nd5 Rxc1
23.Nxf6+ Nxf6 24.Rxc1 Nd5 25.Bd4 Bd6 26.g3 Be5 27.Re1 Bxd4 28.Rxe8+ Qxe8
29.Qxd4 Qe6 30.Kf2 g6 31.Bd3 h5  1/2-1/2

[Event "New York Kavkasian"]
[Site "New York"]
[Date "1983.??.??"]
[Round "?"]
[White "Burger, Karl"]
[Black "Ivanov, Igor V"]
[Result "0-1"]
[WhiteElo "2360"]
[BlackElo "2515"]

1.d4 Nf6 2.c4 e6 3.Nf3 b6 4.Nc3 Bb4 5.Qc2 Bb7 6.e3 O-O 7.a3 Bxc3+ 8.Qxc3 c5
9.b4 d6 10.Bb2 Nbd7 11.dxc5 bxc5 12.Be2 e5 13.O-O Ne4 14.Qc2 f5 15.Nd2 Nxd2
16.Qxd2 Qg5 17.g3 Qe7 18.Rad1 Rf6 19.f4 Re8 20.Bd3 Qf7 21.Rf2 exf4 22.exf4 Rfe6
23.Qc2 Qh5 24.Bxf5 Re1+ 25.Rf1 R1e2  0-1

[Event "New York"]
[Site "New York"]
[Date "1983.??.??"]
[Round "1"]
[White "Ivanov, Igor V"]
[Black "Quinteros, Miguel A"]
[Result "0-1"]
[WhiteElo "2530"]
[BlackElo "2515"]

1.d4 Nf6 2.Nf3 g6 3.c4 Bg7 4.g3 O-O 5.Bg2 d6 6.Nc3 Nc6 7.O-O Bg4 8.d5 Na5
9.b3 c5 10.Bd2 a6 11.a4 Qb6 12.Ra3 Rae8 13.Ne1 Qc7 14.Nd3 b6 15.Qc2 e5 16.e4 Bc8
17.Raa1 Nd7 18.Rae1 Kh8 19.Kh1 Nb7 20.f4 exf4 21.gxf4 f5 22.exf5 gxf5 23.Nd1 Nf6
24.Bc3 Ne4 25.Bxg7+ Qxg7 26.N3f2 Nxf2+ 27.Nxf2 Qd4 28.Nd3 Na5 29.Bf3 Bd7
30.Bh5 Re4 31.Rd1 Qf6 32.Rg1 Be8 33.Bf3 Re3 34.Qf2 Re7 35.Nc1 Bg6 36.Rd3 Rfe8
37.Qd2 Kg7 38.Ne2 Kf7 39.Ng3 Qh4 40.Bd1 Qf6 41.Nh5 Qh8 42.Ng3 Kf8 43.h4 h5
44.Kg2 Qf6 45.Kf2 Nb7 46.Bf3 Nd8 47.Qc3 Qxh4 48.Rh1 Qxf4 49.Qf6+ Nf7 50.Qxg6 Ne5
51.Qxf5+ Rf7 52.Qe4 Ng4+ 53.Kg2 Rxe4 54.Bxe4 Ne5 55.Rxh5 Nxd3 56.Nf5 Qg4+  0-1

[Event "New York"]
[Site "New York"]
[Date "1983.??.??"]
[Round "2"]
[White "Gurevich, Dmitry"]
[Black "Ivanov, Igor V"]
[Result "1-0"]
[WhiteElo "2470"]
[BlackElo "2530"]

1.d4 Nf6 2.c4 e6 3.Nf3 d5 4.Nc3 c5 5.cxd5 exd5 6.Bg5 Be6 7.e4 dxe4 8.Nxe4 cxd4
9.Bb5+ Bd7 10.O-O Be7 11.Bxf6 Bxb5 12.Bxe7 Qxe7 13.Re1 O-O 14.Nc3 Qd7 15.Ne5 Qe8
16.Qxd4 Bc6 17.b4 Qd8 18.Qc4 Qg5 19.Nd5 Nd7 20.Nxc6 bxc6 21.Qxc6 Ne5 22.Qc3 Ng6
23.Qc5 Rfc8 24.Ne7+ Qxe7 25.Qxe7 Nxe7 26.Rxe7 Kf8 27.Rd7 Rc2 28.g3 a6 29.a3 Re8
30.Rd6 Ree2 31.Rf1 a5 32.bxa5 Ra2 33.Rd3 Re5 34.Rb1 g6 35.Rb8+ Kg7 36.Rf3 Rxa5
37.Rb7 Rf5 38.Rxf5 gxf5 39.Rb3 Kf6 40.Kg2 h6 41.Kf3 Ke5 42.Re3+ Kf6 43.Rc3 Kg6
44.h3 Kg5 45.Rb3 Kg6 46.Ke3 f4+ 47.gxf4 Kh5 48.Ke4 Kh4 49.f5 Rxf2 50.Rf3 Rg2
51.f6 Kg5 52.Kd4 h5 53.Kc4 h4 54.a4 Rg3 55.Rb3 Kxf6 56.a5 Rg8 57.a6 Ke5 58.a7 Ra8
59.Ra3 f5 60.Kd3 Kf4 61.Ke2  1-0

[Event "New York"]
[Site "New York"]
[Date "1983.??.??"]
[Round "2"]
[White "Ivanov, Igor V"]
[Black "Murrey, Jacob"]
[Result "1/2-1/2"]
[WhiteElo "2530"]
[BlackElo "2500"]

1.d4 Nf6 2.Nf3 d5 3.c4 e6 4.Nc3 Bb4 5.cxd5 exd5 6.Bg5 h6 7.Bxf6 Qxf6 8.Qb3 Nc6
9.e3 O-O 10.Be2 Qd6 11.O-O Be6 12.Rfc1 Na5 13.Qc2 c6 14.Na4 Qe7 15.Nc5 Bg4
16.Nd3 Bxf3 17.Bxf3 Nc4 18.Nxb4 Qxb4 19.Be2 Nd6 20.Bd3 f5 21.Qc5 a5 22.a3 Qxc5
23.dxc5 Ne4 24.Bxe4 dxe4 25.Kf1 Rfd8 26.Rd1 Kf7 27.Ke2 a4 28.Rac1 Ke6 29.Rxd8 Rxd8
30.Rc4 Ra8 31.Rb4 Ra7 32.g4 g6 33.h4 h5 34.gxh5 gxh5 35.f3 Kd5 36.Rd4+ Kxc5
37.fxe4 fxe4 38.Rxe4 b5 39.Kd3 Rd7+ 40.Kc3 Rd5 41.Rf4 Kb6 42.e4 Rc5+ 43.Kd3 Rc4
44.Rf5 c5 45.Rxh5 Rd4+ 46.Ke3 Rd1 47.Rh8 Re1+ 48.Kf3 Rf1+ 49.Kg3 Rg1+ 50.Kf3 Rf1+
51.Kg4 Rg1+ 52.Kf4 Rf1+ 53.Kg5 Rg1+ 54.Kf5 Rf1+ 55.Kg6 Rg1+ 56.Kf6 Rf1+ 57.Kg5 Rg1+
58.Kf5 Rf1+ 59.Kg4 Rg1+ 60.Kf4 Rf1+ 61.Kg3  1/2-1/2

[Event "New York"]
[Site "New York"]
[Date "1983.??.??"]
[Round "4"]
[White "Ivanov, Igor V"]
[Black "Fedorowicz, John P"]
[Result "1/2-1/2"]
[WhiteElo "2530"]
[BlackElo "2430"]

1.d4 Nf6 2.c4 e6 3.Nf3 b6 4.e3 Bb7 5.Bd3 Be7 6.Nc3 c5 7.O-O cxd4 8.exd4 d5
9.cxd5 Nxd5 10.Re1 Nd7 11.a3 O-O 12.Qe2 N7f6 13.Ne4 Rc8 14.Bg5 Rc7 15.Rad1 g6
16.Bh6 Nxe4 17.Bxe4 Re8 18.Qd2 Bf8 19.Bg5 Be7 20.Bh6 Bf8  1/2-1/2

[Event "New York"]
[Site "New York"]
[Date "1983.??.??"]
[Round "5"]
[White "Kudrin, Sergey"]
[Black "Ivanov, Igor V"]
[Result "1-0"]
[WhiteElo "2505"]
[BlackElo "2530"]

1.e4 c5 2.Nf3 Nc6 3.d4 cxd4 4.Nxd4 g6 5.c4 Bg7 6.Be3 Nh6 7.Nc3 O-O 8.Be2 f5
9.exf5 Bxd4 10.Bxh6 Rxf5 11.O-O d6 12.Bf3 Bg7 13.Be3 Bd7 14.Re1 b6 15.Be4 Rf7
16.Bg5 Bf6 17.Bxf6 Rxf6 18.Qd2 Qf8 19.Rad1 Rd8 20.Nd5 Rf7 21.Nc7 Rc8 22.Bxc6 Bxc6
23.Ne6 Qe8 24.h4 Bb7 25.b3 Qc6 26.Qg5 Re8 27.Qg3 Rf6 28.Re3 a6 29.a4 Bc8
30.Rde1 Bxe6 31.Rxe6 Kf7 32.Qe3 Qd7 33.Re4 b5 34.cxb5 axb5 35.axb5 e5 36.b6 Qb5
37.Rc4 Kg8 38.Rc7 Ref8 39.Qh6 R8f7 40.Rc8+ Rf8 41.Rc7 R6f7 42.Rxf7 Rxf7 43.Rc1 Qe8
44.Qd2 Qd8 45.Qb4 Qb8 46.Rc6  1-0

[Event "New York"]
[Site "New York"]
[Date "1983.??.??"]
[Round "6"]
[White "Ivanov, Igor V"]
[Black "Bisguier, Arthur Bernard"]
[Result "1/2-1/2"]
[WhiteElo "2530"]
[BlackElo "2430"]

1.Nf3 Nf6 2.c4 e6 3.g3 d5 4.b3 b6 5.Bg2 Bb7 6.O-O g6 7.cxd5 exd5 8.d4 Bg7
9.Ba3 Ne4 10.Nbd2 Nc6 11.Rc1 Nd6 12.e3 O-O 13.Nb1 a5 14.Ne1 Nb4 15.Bxb4 axb4
16.Nd3 Rxa2 17.Nxb4 Ra5 18.Nc3 c5 19.dxc5 bxc5 20.Nbxd5 c4 21.bxc4 Nxc4 22.Nf4 Bxg2
23.Qxd8 Rxd8 24.Kxg2 Bxc3 25.Rxc3 Ne5 26.Rc2 h5 27.Rb1 Rda8 28.h3 Ra2 29.Rc5 R2a5
30.Rb8+ Rxb8 31.Rxa5 Nc6 32.Rc5 Ne7 33.Rc7 Kf8 34.e4 Rb3 35.Ne2 Rd3 36.Nc3 Rd6
37.e5 Rc6 38.Nd5 Rxc7 39.Nxc7 Nc6 40.f4 Nd4 41.Kf2 Ke7 42.Nd5+ Ke6 43.Nf6 Nf5
44.Ne4 Ke7 45.Nc5 Nd4 46.Na6 f6 47.exf6+ Kxf6  1/2-1/2

[Event "New York"]
[Site "New York"]
[Date "1983.??.??"]
[Round "7"]
[White "Burger, Karl"]
[Black "Ivanov, Igor V"]
[Result "0-1"]
[WhiteElo "2360"]
[BlackElo "2530"]

1.d4 Nf6 2.c4 g6 3.Nc3 Bg7 4.e4 O-O 5.f3 c5 6.d5 d6 7.Bd3 a6 8.a4 Nbd7 9.Nh3 Ne5
10.Nf2 Nxd3+ 11.Nxd3 e6 12.Be3 exd5 13.cxd5 Nh5 14.g4 Nf6 15.Qd2 Re8 16.Qg2 b5
17.g5 Nh5 18.axb5 Bb7 19.b6 Qxb6 20.Qd2 a5 21.Kf2 Ba6 22.Na4 Qd8 23.h4 f5
24.gxf6 Qxf6 25.Nc3 Rab8 26.Ne1 Qe5 27.f4 Rf8 28.Nf3 Qe7 29.Rxa5 Bc8 30.e5 Bxe5
31.Nxe5 Qxe5 32.Ra4 Qf5 33.Ne4 Bd7 34.Ra7 Qxe4  0-1

[Event "New York"]
[Site "New York"]
[Date "1983.??.??"]
[Round "10"]
[White "Ivanov, Igor V"]
[Black "Henley, Ron W"]
[Result "1/2-1/2"]
[WhiteElo "2530"]
[BlackElo "2525"]

1.Nf3 Nf6 2.c4 g6 3.b4 Bg7 4.Bb2 b6 5.e3 c5 6.a3 O-O 7.Be2 e6 8.O-O d6 9.d4 Bb7
10.Nc3 cxd4 11.Nxd4 a6  1/2-1/2

[Event "New York"]
[Site "New York"]
[Date "1983.??.??"]
[Round "11"]
[White "Alburt, Lev O"]
[Black "Ivanov, Igor V"]
[Result "1/2-1/2"]
[WhiteElo "2560"]
[BlackElo "2530"]

1.d4 Nf6 2.c4 e6 3.g3 d5 4.Nf3 dxc4 5.Bg2 a6 6.Ne5 c5 7.Na3 cxd4 8.Naxc4 Bc5
9.Bd2 Nd5 10.Nd3 Ba7 11.Ba5 Qd7 12.Nde5 Qe7 13.Qb3 Nc6 14.O-O O-O 15.Rac1 Rb8
16.Nxc6 bxc6 17.Qc2 c5 18.Rfd1 Bb7 19.a3 e5 20.e4 Nf6 21.f3 Bc6 22.Bf1 Bb5
23.a4 Bc6 24.Bd3 Nd7 25.b3 Rbc8 26.Qe2 Bb7 27.Kg2 Rc6 28.Be1 Rh6 29.Na5 Bc8
30.Bd2 Rg6 31.Rc2 Bb8 32.b4 Bd6 33.Rdc1 h5 34.Nc6 Qe8 35.Na7 Bb7 36.Bxa6 Bxa6
37.Qxa6 Qa8 38.Qa5 Bb8 39.Nc8 Qxa5 40.Ne7+ Kh7 41.bxa5 Ra6 42.Rb2 Bd6 43.Nd5 Rfa8
44.Kf2 R8a7 45.Nb6 Kg8 46.Ke2 Kf8 47.Nc4 Bc7 48.Rb5 Ke7 49.Rcb1 g6 50.Nb6 Ke6
51.Kd3 Bd6 52.Nd5 c4+ 53.Kxc4 Rc6+ 54.Kd3 Nc5+ 55.Ke2 Nxa4 56.Rb7 Raa6 57.R7b5 Rc2
58.Kd1 Ra2 59.Rc1 Nc3+ 60.Nxc3 dxc3 61.Bxc3 Rxh2 62.Be1 g5 63.Rc8 h4 64.gxh4 gxh4
65.Rh8 h3 66.Rb6  1/2-1/2

[Event "New York op"]
[Site "New York"]
[Date "1984.??.??"]
[Round "1"]
[White "Bisguier, Arthur Bernard"]
[Black "Ivanov, Igor V"]
[Result "0-1"]
[WhiteElo "2425"]
[BlackElo "2550"]

1.d4 Nf6 2.Bg5 Ne4 3.Bf4 c5 4.f3 Qa5+ 5.c3 Nf6 6.d5 e6 7.e4 exd5 8.exd5 d6
9.Na3 Be7 10.Nc4 Qd8 11.a4 O-O 12.Ne2 Re8 13.Kf2 Nh5 14.Be3 Bf8 15.g3 Nd7
16.Qd2 Nhf6 17.h4 Ne5 18.Nf4 Bg4 19.Nxe5 dxe5 20.Ng2 Qc8 21.Bd3 Bxf3 22.Kxf3 e4+
23.Kf2 Qf5+ 24.Kg1 exd3 25.Rf1 Qxd5 26.Rxf6 gxf6 27.Kf2 Rxe3 28.Qxe3 c4 29.Qf3 Bc5+  0-1

[Event "New York op"]
[Site "New York"]
[Date "1984.??.??"]
[Round "2"]
[White "Ivanov, Igor V"]
[Black "Weinstein, Norman"]
[Result "0-1"]
[WhiteElo "2550"]
[BlackElo "2455"]

1.Nf3 Nf6 2.c4 c5 3.Nc3 b6 4.d4 cxd4 5.Nxd4 Bb7 6.f3 g6 7.e4 d6 8.Be2 Bg7
9.O-O O-O 10.Bg5 Nc6 11.Nxc6 Bxc6 12.Qd2 Rc8 13.Rac1 a6 14.Rfd1 Re8 15.Nd5 Nxd5
16.cxd5 Bb7 17.Be3 b5 18.Bd4 Bxd4+ 19.Qxd4 Qa5 20.a3 Rxc1 21.Rxc1 Rc8 22.Rxc8+ Bxc8
23.Kf2 Qc7 24.h4 h5 25.Bd3 e6 26.dxe6 Bxe6 27.Kg3 Qc1 28.Qc3 Qe3 29.Bf1 Qg1
30.Be2 g5 31.Qf6 Qe1+ 32.Kh2 Qxh4+ 33.Kg1 Qg3 34.f4 Qe1+ 35.Bf1 Qe3+ 36.Kh2 Qxf4+
37.Qxf4 gxf4 38.g3 fxg3+ 39.Kxg3 Kg7 40.a4 Bc4 41.axb5 axb5 42.Bg2 Kf6 43.Kf4 b4  0-1

[Event "New York op"]
[Site "New York"]
[Date "1984.??.??"]
[Round "3"]
[White "Hjorth, Greg"]
[Black "Ivanov, Igor V"]
[Result "0-1"]
[WhiteElo "2415"]
[BlackElo "2550"]

1.e4 c5 2.b3 d6 3.Bb2 e6 4.Bb5+ Bd7 5.Bxd7+ Nxd7 6.Qe2 Ngf6 7.f4 Be7 8.c4 O-O
9.Nc3 Nb8 10.Nf3 Nc6 11.O-O Nd7 12.Nd1 Qc7 13.Re1 Rae8 14.a3 Na5 15.b4 cxb4
16.axb4 Nxc4 17.Rc1 d5 18.d3 Bxb4 19.dxc4 dxe4 20.Qxe4 Bxe1 21.Nxe1 Nc5 22.Qd4 e5
23.Qd5 exf4 24.Nf2 Re6 25.Ned3 Nxd3 26.Nxd3 Rd8 27.Qf5 Qd6 28.Nf2 Qd2 29.Qb1 Rde8
30.Bc3 Qxc3 31.Rxc3 Re1+ 32.Qxe1 Rxe1+  0-1

[Event "New York op"]
[Site "New York"]
[Date "1984.??.??"]
[Round "4"]
[White "Ivanov, Igor V"]
[Black "McCambridge, Vincent"]
[Result "1/2-1/2"]
[WhiteElo "2550"]
[BlackElo "2465"]

1.Nf3 Nf6 2.c4 e6 3.g3 d5 4.d4 c5 5.cxd5 exd5 6.Bg2 Nc6 7.O-O Be7 8.Be3 b6
9.Nc3 O-O 10.dxc5 bxc5 11.Na4 Rb8 12.Nxc5 Rxb2 13.Nd3 Rb5 14.a4 Ra5 15.Qc2 Bb7
16.Rfb1 Qc8 17.Rb5 Ba6 18.Rxa5 Nxa5 19.Qxc8 Rxc8 20.Bxa7 Ne4 21.Nd4 Bf6 22.Nb4 Ra8
23.Bb6 Bxd4 24.Bxd4 Nb3 25.Nxd5 Nxa1 26.Ne7+ Kf8 27.Nf5 Bxe2  1/2-1/2

[Event "New York op"]
[Site "New York"]
[Date "1984.??.??"]
[Round "5"]
[White "Benko, Pal C"]
[Black "Ivanov, Igor V"]
[Result "0-1"]
[WhiteElo "2450"]
[BlackElo "2550"]

1.e4 c5 2.c3 e6 3.d4 d5 4.exd5 exd5 5.Nf3 Nf6 6.Bb5+ Bd7 7.Qe2+ Be7 8.O-O O-O
9.Bxd7 Nbxd7 10.Be3 Re8 11.dxc5 Bxc5 12.Nd4 Qb6 13.Rd1 Rac8 14.a4 a6 15.a5 Qc7
16.h3 Ne4 17.Na3 Ba7 18.Nac2 Bb8 19.Nf3 Ne5 20.Rxd5 Nc4 21.Rb1 Nxb2 22.Rxb2 Nxc3
23.Qd3 Nxd5 24.Qxd5 Red8 25.Qxb7 Qxc2 26.g3 Qc4 27.Rb6 Bxg3 28.Qxa6 Bf4 29.Qxc4 Rxc4
30.Bxf4 Rxf4 31.Ne5 f6 32.Nc6 Rd1+ 33.Kg2 Rd2 34.a6 Rdxf2+ 35.Kg1 Ra2 36.a7 Rc4  0-1

[Event "New York op"]
[Site "New York"]
[Date "1984.??.??"]
[Round "6"]
[White "Kogan, Boris"]
[Black "Ivanov, Igor V"]
[Result "1-0"]
[WhiteElo "2450"]
[BlackElo "2550"]

1.d4 Nf6 2.Nf3 g6 3.g3 Bg7 4.Bg2 O-O 5.O-O d5 6.c4 dxc4 7.Na3 c3 8.bxc3 c5
9.Nc4 Be6 10.Nce5 Bd5 11.Ba3 Nc6 12.Nxc6 Bxc6 13.Qb3 Rc8 14.Rac1 Ne4 15.dxc5 e5
16.Rfd1 Qe7 17.Ne1 Bh6 18.e3 Rfe8 19.Qc4 Ng5 20.Bxc6 Rxc6 21.Qh4 Bg7 22.Rd6 e4
23.Qg4 h5 24.Qd1 Be5 25.h4 Ne6 26.Rxc6 bxc6 27.Qa4 f5 28.Qxc6 Rd8 29.Rb1 Qd7
30.Qa6 Rc8 31.Nc2 Bxc3 32.Qc4 Bg7 33.Nd4 Bxd4 34.exd4 Rd8 35.c6 Qd5 36.Qxd5 Rxd5
37.Rb7  1-0

[Event "New York op"]
[Site "New York"]
[Date "1984.??.??"]
[Round "8"]
[White "Ivanov, Igor V"]
[Black "Watson, John L"]
[Result "1/2-1/2"]
[WhiteElo "2550"]
[BlackElo "2420"]

1.d4 d5 2.c4 Nc6 3.Nf3 Bg4 4.Qa4 Bxf3 5.exf3 e6 6.Nc3 Ne7 7.Bg5 Qd7 8.Rd1 h6
9.Bf4 g5 10.Be3 Bg7 11.cxd5 exd5 12.h4 O-O-O 13.b4 Qe6 14.b5 Nxd4 15.Rxd4 Bxd4
16.Qxd4 Nf5 17.Qxa7 Qe5 18.Na4 Qa1+ 19.Ke2 Qxa2+ 20.Kd1 Qb1+ 21.Kd2 Qa2+
22.Kc1 Qa1+ 23.Kc2 Qa2+  1/2-1/2

[Event "New York op"]
[Site "New York"]
[Date "1984.??.??"]
[Round "9"]
[White "Wilder, Michael"]
[Black "Ivanov, Igor V"]
[Result "1/2-1/2"]
[WhiteElo "2435"]
[BlackElo "2550"]

1.d4 Nf6 2.c4 g6 3.Nc3 Bg7 4.e4 d6 5.Nf3 O-O 6.Be2 e5 7.O-O Nc6 8.Be3 Re8
9.dxe5 dxe5 10.Qxd8 Nxd8 11.Nb5  1/2-1/2

[Event "Quebec op"]
[Site "Quebec"]
[Date "1984.??.??"]
[Round "?"]
[White "Ginsburg, Mark"]
[Black "Ivanov, Igor V"]
[Result "1/2-1/2"]
[WhiteElo "2375"]
[BlackElo "2550"]

1.c4 e6 2.d4 d5 3.Nf3 c5 4.cxd5 exd5 5.Nc3 Nc6 6.e3 Nf6 7.Be2 cxd4 8.Nxd4 Bd6
9.O-O O-O 10.Nf3 Bg4 11.b3 Qe7 12.Bb2 Rad8 13.Nb5 Bc5 14.Nfd4 Bd7 15.Rc1 Ne4
16.Bf3 Ne5 17.Be2 Rc8 18.Nc3 Nf6 19.Nf3 Neg4 20.Nxd5 Nxd5 21.Qxd5 Bxe3 22.Rxc8 Rxc8
23.Ne5 Nxf2 24.Nxd7 Rd8 25.Rxf2 Rxd7 26.Qc4 Bb6 27.Qc3 Qg5 28.Kf1 Rc7 29.Qd3 Bxf2
30.Kxf2 Qh4+ 31.Kg1 Rc8 32.g3 Qb4  1/2-1/2

[Event "Quebec op"]
[Site "Quebec"]
[Date "1984.??.??"]
[Round "?"]
[White "Ivanov, Igor V"]
[Black "Spraggett, Kevin"]
[Result "1-0"]
[WhiteElo "2550"]
[BlackElo "2540"]

1.d4 Nf6 2.c4 g6 3.g3 Bg7 4.Bg2 O-O 5.Nc3 d6 6.e3 c6 7.Nge2 e5 8.b3 Re8 9.h3 h5
10.Bb2 e4 11.Nf4 Bf5 12.d5 c5 13.Qc2 Nbd7 14.O-O-O Ne5 15.g4 hxg4 16.hxg4 Nexg4
17.Bh3 Qd7 18.Rdg1 Rab8 19.Nce2 Ne5 20.Bxf5 Qxf5 21.Ng3 Qd7 22.Nxe4 Qe7 23.Ng5 b5
24.Nfe6 bxc4 25.Nxg7 cxb3 26.axb3 Kxg7 27.f4  1-0

[Event "Quebec op"]
[Site "Quebec"]
[Date "1984.??.??"]
[Round "?"]
[White "Ivanov, Igor V"]
[Black "Rohde, Michael A"]
[Result "1/2-1/2"]
[WhiteElo "2550"]
[BlackElo "2440"]

1.d4 Nf6 2.c4 e6 3.Nc3 Bb4 4.Nf3 b6 5.Bg5 Bb7 6.e3 h6 7.Bh4 Bxc3+ 8.bxc3 d6
9.Nd2 Nbd7 10.f3 Qe7 11.e4 g5 12.Bf2 Nh5 13.g3 f5 14.Bd3 O-O-O 15.a4 g4 16.a5 gxf3
17.axb6 axb6 18.Qxf3 Nhf6 19.Ra7 fxe4 20.Nxe4 Nxe4 21.Bxe4 d5 22.Bc2 Kb8
23.Ra2 dxc4 24.Be4 Qh7 25.Re2 Rhf8 26.Qxf8 Nxf8 27.Bxh7 Bxh1 28.Be4 Bxe4
29.Rxe4 h5 30.Be3 Rd5 31.Bh6 Nd7 32.Rxe6 b5 33.Bf4 Kb7 34.Kd2 c5 35.Ke3 Nf8
36.Rf6 cxd4+ 37.Ke4 Rd8 38.cxd4 b4  1/2-1/2

[Event "Quebec op"]
[Site "Quebec"]
[Date "1984.??.??"]
[Round "?"]
[White "Ljubojevic, Ljubomir"]
[Black "Ivanov, Igor V"]
[Result "1/2-1/2"]
[WhiteElo "2635"]
[BlackElo "2550"]

1.e4 c5 2.Nf3 d6 3.d4 cxd4 4.Nxd4 Nf6 5.Nc3 Nc6 6.Be2 e5 7.Nb3 Be7 8.O-O O-O
9.Be3 Be6 10.Bf3 a6 11.Qd2 Qc7 12.Rfd1 Rfc8 13.Rac1 Bf8 14.Nd5 Bxd5 15.exd5 Nb8
16.c4 b6 17.c5 bxc5 18.Nxc5 dxc5 19.d6 Qa7 20.Rxc5 Rxc5 21.Bxa8 Qxa8 22.Bxc5 Nbd7
23.Ba3  1/2-1/2

[Event "CAN-ch"]
[Site "?"]
[Date "1985.??.??"]
[Round "1"]
[White "Ivanov, Igor V"]
[Black "Alain, B."]
[Result "1-0"]
[WhiteElo "2465"]
[BlackElo "2200"]

1.d4 Nf6 2.c4 c5 3.d5 e6 4.Nc3 exd5 5.cxd5 d6 6.e4 g6 7.f4 Bg7 8.Bb5+ Nbd7
9.a4 a6 10.Bd3 Qc7 11.Nf3 c4 12.Bc2 Nc5 13.Be3 Bg4 14.O-O O-O 15.Bd4 Bxf3
16.Rxf3 Nfd7 17.Bxg7 Kxg7 18.Qd4+ Kg8 19.Qxc4 b5 20.Qd4 Rfb8 21.axb5 axb5
22.Rxa8 Rxa8 23.Nxb5 Qb8 24.Ra3 Rxa3 25.Nxa3 Na6 26.Bd3 Nb4 27.Bb5 Nc2 28.Nxc2 Qxb5
29.Ne1 Qe2 30.Nf3 Nc5 31.e5 Nb3 32.Qc3 Qd1+ 33.Kf2 Nc5 34.Qc4 Nd3+ 35.Kg3 Qf1
36.exd6 Qf2+ 37.Kh3 Qe3 38.d7 Nf2+ 39.Kg3 Nh1+ 40.Kh4 Qe7+ 41.Ng5 Qxd7 42.Qc6 Qe7
43.Qc8+ Kg7 44.Qc3+ f6 45.Ne6+ Kh6 46.g4 g5+ 47.Kh3 Kg6 48.Qd3+ Kh6 49.Kg2  1-0

[Event "CAN-ch"]
[Site "?"]
[Date "1985.??.??"]
[Round "2"]
[White "Roy, Arnaud"]
[Black "Ivanov, Igor V"]
[Result "0-1"]
[WhiteElo "2200"]
[BlackElo "2465"]

1.d4 g6 2.e4 Bg7 3.Nc3 c5 4.d5 d6 5.Nf3 Nf6 6.Be2 O-O 7.O-O Na6 8.a4 Nb4
9.Bf4 Nh5 10.Be3 f5 11.Ng5 Nf6 12.f3 h6 13.Ne6 Bxe6 14.dxe6 fxe4 15.fxe4 Nc6
16.Qd2 Kh7 17.Rf4 Nd4 18.Bd3 Nxe6 19.Rh4 h5 20.e5 dxe5 21.Qe2 Nf4 22.Bxf4 exf4
23.Ne4 Kh6 24.Rxf4 c4 25.Bxc4 e5 26.Rh4 Nd5 27.Rh3 Nf4 28.Qe3 Qd4 29.Bd3 Qxb2
30.Rf1 Rad8 31.Rg3 Qd4 32.Qxd4 Rxd4 33.Nc5 Rxd3 34.Rxf4 Rd1+  0-1

[Event "CAN-ch"]
[Site "?"]
[Date "1985.??.??"]
[Round "4"]
[White "Barbeau, Sylvain"]
[Black "Ivanov, Igor V"]
[Result "1-0"]
[WhiteElo "2235"]
[BlackElo "2465"]

1.c4 e5 2.Nc3 d6 3.Nf3 f5 4.d4 e4 5.Ng5 Nc6 6.Nh3 g6 7.Nf4 Bg7 8.e3 Nf6 9.h4 O-O
10.a3 a5 11.b3 Ne7 12.Bb2 c6 13.b4 axb4 14.axb4 Rxa1 15.Bxa1 h6 16.c5 d5
17.g3 g5 18.Ng2 Ng6 19.h5 Ne7 20.Be2 Be6 21.Na4 Bf7 22.Bc3 Qc7 23.Nb6 Nc8
24.Nxc8 Rxc8 25.Qa1 Qd8 26.Qa5 Ra8 27.Qxd8+ Rxd8 28.Kd2 Ra8 29.Kc2 Bf8 30.Kb3 Be7
31.Bd2 Bd8 32.Ne1 g4 33.Nc2 Bxh5 34.b5 Kg7 35.Nb4 Be8 36.Bc3 h5 37.Rb1 cxb5
38.Nc2 h4 39.gxh4 Nh5 40.Rh1 Bd7 41.Na3 f4 42.exf4 Nxf4 43.Bxg4 Bxg4 44.Rg1 Kg6
45.Rxg4+ Kf5 46.Rg8 Rxa3+ 47.Kxa3 Bxh4 48.Rg7 Kf6 49.Rxb7 Ne2 50.c6 Ke6 51.c7 Kd7
52.Ba5 Be7+ 53.Kb2 Bd6 54.Rb8 Bxc7 55.Rb7 Nxd4 56.Rxc7+ Kd6 57.Rc8 Ne6 58.Bb4+ Ke5
59.Kc1 d4 60.Kd2 Kd5 61.Be7 Ke5 62.Rb8 Kf4 63.Rxb5 e3+ 64.fxe3+ dxe3+ 65.Ke1 Kf3
66.Rf5+ Ke4 67.Rf7 Kd3 68.Bf6 Nf4 69.Rd7+ Ke4 70.Bg5  1-0

[Event "CAN-ch"]
[Site "?"]
[Date "1985.??.??"]
[Round "5"]
[White "Ivanov, Igor V"]
[Black "Berube, Richard"]
[Result "1/2-1/2"]
[WhiteElo "2465"]
[BlackElo "2200"]

1.d4 Nf6 2.c4 e6 3.Nc3 Bb4 4.Bg5 c5 5.d5 Bxc3+ 6.bxc3 d6 7.e3 e5 8.Bd3 Nbd7
9.Ne2 h6 10.Bh4 O-O 11.f3 Re8 12.O-O Nf8 13.Qc2 Qe7 14.Rae1 g5 15.Bg3 Kg7
16.Qb1 Ng6 17.Bxg6 fxg6 18.h4 g4 19.e4 Nh5 20.f4 Nxg3 21.Nxg3 Qxh4 22.Qd3 Bd7
23.f5 Rf8 24.Rf2 Rf6 25.Ref1 Raf8 26.Qe3 Qg5 27.Qxg5 hxg5 28.fxg6 Rxf2 29.Rxf2 Rxf2
30.Kxf2 Kxg6 31.Nf1 b6 32.Ne3 Bc8 33.Kg3 Bd7 34.Nxg4 Ba4 35.Ne3 Bd7 36.Kf3 Kh5
37.Nc2 g4+ 38.Kf2 Kg5 39.Kg3 Bc8 40.Na3 a6 41.Nc2 Bd7 42.Ne3 Bc8  1/2-1/2

[Event "CAN-ch"]
[Site "?"]
[Date "1985.??.??"]
[Round "7"]
[White "Ivanov, Igor V"]
[Black "Levtchouk, George"]
[Result "1/2-1/2"]
[WhiteElo "2465"]
[BlackElo "2200"]

1.d4 g6 2.c4 Bg7 3.Nf3 Nf6 4.g3 O-O 5.Bg2 d6 6.Nc3 Nc6 7.O-O a6 8.d5 Na5
9.b3 c5 10.Bb2 Rb8 11.Nd2 b5 12.Rb1 bxc4 13.bxc4 e5 14.e4 Ng4 15.Qe2 f5 16.f3 Nh6
17.Ba1 Rb4 18.a3 Rb7 19.Rxb7 Nxb7 20.Rb1 f4 21.Na4 Bd7 22.Qd1 Rf7 23.Nb2 g5
24.Nd3 Na5 25.g4 Be8 26.Bc3 Rb7 27.Nf2 Nf7 28.Bf1 Bf6 29.Bd3 Rxb1 30.Bxb1 Nb7
31.Bc2 Qd7 32.Nd3 Bd8 33.Nb2 Ba5 34.Ba4 Qd8 35.Bxa5 Nxa5 36.Qc2 Kf8 37.Qc3 Bxa4
38.Nxa4 Qc7 39.Kf2 Nd8 40.Ke2 Ndb7 41.Nb2 Ke7 42.Nd3 Kf6 43.h4 h6 44.Qa1 Kg6
45.Qh1 Qh7 46.Nb4 cxb4 47.axb4 Qc7 48.hxg5 hxg5 49.Qh5+ Kg7 50.Qxg5+ Kh7
51.Qh5+ Kg8 52.g5 Nb3 53.Nxb3 Qxc4+ 54.Kf2 Qc2+ 55.Kg1 Qxb3 56.Qe8+ Kg7 57.Qe7+ Kg8
58.Kg2 Qe3 59.Qxb7 Qe2+ 60.Kh3 Qxf3+ 61.Kh4 Qxe4 62.Qc8+ Kg7 63.Qd7+ Kg8  1/2-1/2